000 01262nam a22004097a 4500
001 0067568
003 KOHA_MİRAKIL
005 20260207004717.0
007 ta
008 220818b2008 tu |||gr||||#0|||0|tur |
020 _a9786055937188
040 _aTR-BiSEU
_btur
_cTR-BiSEU
_erda
041 0 _atur
044 _ctu
050 _aT385
_b.C36 2008
100 1 _aCan, Murat.
245 1 _aAutoCad 2009 laboratuvar uygulamaları/
_cMurat Can ; Murat Can.
264 1 _aTrabzon :
_bMurathan yayınevi
_c2008
300 _aXI, 396 sayfa: resim; 26 cm
336 _ametin
_btxt
_2rdacontent
337 _aaracısız
_bn
_2rdamedia
338 _acilt
_bnc
_2rdacarrier
490 1 _aTeknik Kitaplar dizisi ;
_v2.
500 _aKaynakça var.
650 0 _aAutoCAD--Bilgisayar programı.
_9128086
650 0 _aBilgisayar grafikleri--Yazılım.
_9128087
650 0 _aBilgisayarla çizim.
_91863
650 0 _aTemel çizim komutları.
_9128088
650 0 _aAutoCAD--Computer program.
_9128089
650 0 _aComputer graphics--Software.
_944286
650 0 _aComputer drawing.
_9128090
650 0 _a
_95500
650 0 _a
_95500
830 1 _aTeknik Kitaplar dizisi ;
_v2.
_9128091
907 _aTeknoloji ve Mühendislik
942 _2lcc
_cBK
999 _c68122
_d68122